Générique Galactik Football - Paroles - Statistiques

Statistiques générales
  • Ce quiz a été pris 451 fois
  • Le résultat moyen est 17 sur 26
Statistiques - réponses
Paroles % Correct
Les peuples de la {galaxie}
95%
Appelés {Fluide}.
91%
Maîtrisent des {pouvoirs} fantastiques
88%
Qu'on a interdit de les {utiliser}
88%
Un {sport} devevenu
88%
Le {Galactik} {Football} !
85%
Leur {puissance} est telle
85%
Notre Fluide s'appelle le {Souffle}
75%
Sauf dans un {domaine}
74%
Secoua notre {planète},
74%
D'accéder à la Galactik Football {Cup}.
67%
Fit disparaître le {Souffle},
67%
Sur {Akilian},
67%
Mais aujourd'hui, l'{espoir} renaît
60%
Il y a {quinze} ans,
59%
De ressentir le {Souffle} d'Akilian.
58%
Galactik {Football} !
58%
15 ans à l'écart de toutes {compétitions},
55%
Le plus {spectaculaire} de tous
53%
15 ans de neige et de {glace}
51%
Et balaya nos {chances}
50%
Sauront-ils le {maîtriser} ?
50%
Est à nouveau {capable}
49%
Une jeune génération de {joueurs}
43%
Notre {avenir} en dépend.
41%
Une terrible {explosion}
29%
Aucun quiz correspondant
Distribution des résultats
% des personnes avec chaque résultat
Percentile par nombre de réponses
Votre historique - résultats
Vous n’avez pas pris ce quiz